Socialistický obchod měsíčník ministerstva vnitřního obchodu

Na minha lista:
Detalhes bibliográficos
Formato: Periódico
Idioma:tcheco
Publicado em: Praha Vyd. obchodu 1957
Tags: Adicionar Tag
Sem tags, seja o primeiro a adicionar uma tag!

MARC

LEADER 00000nas2a22000001 4500
001 0020005
005 20250730114406.1
041 0 |a cze 
044 |a CZ 
245 1 0 |a Socialistický obchod  |b měsíčník ministerstva vnitřního obchodu 
264 1 |a Praha  |b Vyd. obchodu  |c 1957 
300 |a 1 zv. 
773 0 |w eu_un_cat*s120466